| 000 | 01087 a2200205 4500 | ||
|---|---|---|---|
| 001 | 58789 | ||
| 005 | 20260407155843.0 | ||
| 008 | 260407a1992 arg spa d | ||
| 003 | AR-UNSa-BCEJYS | ||
| 040 |
_aAR-UNSa-BCEJYS _bspa _cAR-UNSa-BCEJYS |
||
| 080 |
_a342.98 _xFunción pública. Estatuto de los funcionarios |
||
| 245 | 1 | 0 |
_aLey de consolidación de deudas del estado _pLa constitución mancillada. Ocaso de la seguridad jurídica. Quiebra de la división de poderes del Estado. |
| 020 | _a950-14-0660-1 | ||
| 264 | 1 |
_aBuenos Aires : _bDepalma _c1992 |
|
| 300 |
_a158 p. _c23 cm. |
||
| 505 | _a1. Emergencia económica – 2. El proceso de promulgación de las leyes – 3. Las obligaciones del estado alcanzadas por la consolidación – 4. Del pago de las obligaciones consolidadas – 5. Bonos de consolidación – 6. Extinción de las obligaciones consolidadas – 7. Ley de orden público – 8. Cuestiones procesales – 9. L'État, c'est moi– 10. Estimativa axiológica | ||
| 942 | _cBK | ||
| 590 | _aniveau_biblio:m niveau_hierar:0 | ||
| 100 | 1 | _aSpisso, Rodolfo Roque | |
| 999 |
_c6496 _d6496 |
||